| 000 | 00352cam a2200145ua 4500 | ||
|---|---|---|---|
| 041 |
_aeng _h |
||
| 082 |
_a823.308 _bHUX/BR |
||
| 100 | _aHuxley, Aldous . | ||
| 245 |
_aBrave New World / _cAldous Huxley. _hTextual Documents |
||
| 260 |
_aLondon : _bChatto and winds , _c1964. |
||
| 300 | _a213 ; . | ||
| 504 | _a | ||
| 942 | _cBK | ||
| 999 |
_c1031 _d1031 |
||